| 000 | 00592nam a2200205 a 4500 | ||
|---|---|---|---|
| 005 | 20240806064107.0 | ||
| 008 | 080303s2001 mx r 000 0 spa d | ||
| 020 | _a9681910087 | ||
| 035 | _aUPN01000154697 | ||
| 049 | _aI | ||
| 050 | 4 |
_aPT2668 A7.7 _bB4.6 |
|
| 100 | 1 |
_aHärtling, Peter, _d1933-2017 _943589 |
|
| 245 | 1 | 0 |
_aBen quiere a Anna / _cPeter Härtling ; il. Sophie Brandes. |
| 260 |
_aMéxico : _bAlfaguara, _c2001. |
||
| 300 |
_a91 p. : _bil. |
||
| 440 | 0 | _aAlfaguara juvenil | |
| 650 | 4 |
_aLiteratura alemana _910466 |
|
| 650 | 4 |
_aLiteratura juvenil _95153 |
|
| 905 | _aInfantil | ||
| 999 |
_c126814 _d126814 |
||